BIBLIOTHÈQUE DE LA MAISON DU MEXIQUE

Logo 1 Logo 2

Carlos Chávez (notice nᵒ 11354)

détails MARC
000 -Sello discográfico
campo de control de longitud fija 01103nam a2200325 4500
005 - Identificación de versión
campo de control 20251016084432.0
010 ## - Número Estándar Internacional de Libros (ISBN)
Número (ISBN) 968-29-9315-6
035 ## - Otros números de control del sistema
Número de control del sistema 25259
035 ## - Otros números de control del sistema
Número de control del sistema 8986
099 ## - fechas locales
Tipo de ítem Koha LIBRO
100 ## - Datos de procesamiento general
Datos de procesamiento general 20040514d1996 m y1spay5003 ba
105 ## - Campo de datos codificados: Material textual, monográfico
Datos codificados de monografía y 001zb
200 1# - Título y mención de responsabilidad
Título propio Carlos Chávez
Designación general del material texto impreso
Otra información del título un constante renacer
Primer mención de responsabilidad José Antonio Alcaraz
205 ## - Declaración de edición
Declaración de edición 1a ed
210 ## - Publicación, distribución, etc.
Lugar de publicación, distribución, etc. México
Nombre del editor, distribuidor, etc. Instituto Nacional de Bellas Artes, Centro Nacional de Investigación, Documentación e Información Musical
Fecha de publicación, distribución, etc. 1996
215 ## - Descripción física
Designación de material específico y extensión del ítem 188 p
Dimensiones 23 cm
345 ## - Nota de información de adquisición
Fuente de adquisición/dirección de la suscripción [OBSOLETO] Donación del INBA
600 ## - Nombre personal usado como materia
Elemento de entrada Chávez y Ramírez
Parte del nombre distinta del elemento de entrada Carlos Antonio de Padua
Fechas 1899-1978
Número Koha 6120
606 ## - Término temático usado como materia
Elemento de entrada Música
Subdivisión geográfica México
Subdivisión temática Historia y crítica
Número Koha 1733
660 ## - Código de área geográfica
Código MX
700 ## - Nombre personal - Responsabilidad primaria
Elemento de entrada Alcaraz
Parte del nombre distinta del elemento de entrada José Antonio
Fechas 1938-2001
Número Koha 10396
801 #0 - Fuente de origen
País FR
Agencia cm
Reglas de catalogación (convenciones descriptivas) AFNOR
900 ## -
-- 1/7431
900 ## -
-- 7100419196\140504
942 ## - ELEMENTOS DE ENTRADA SECUNDARIOS (KOHA)
Tipo de ítem Koha Livre
996 ## -
-- MEX
-- 751145101
-- MMAG
-- 001471
-- 780.972 A348C
-- 20120124LIV
996 ## -
-- MEX
-- 751145101
-- MMAG
-- 001472
-- R780.972 A348C
-- 20120124LIV
Exemplaires
Estatus retirado Estado de daño Estado de pérdida Fecha de adquisición Biblioteca de origen Biblioteca actual Ubicación en estantería Código de barras Precio de reemplazo Signatura topográfica completa No para préstamo Tipo de ítem Koha Nota pública Nota no pública
      05/08/2025 Casa México Paris Casa México Paris   001471 05/08/2025 780.972 A348C   Livre 20120124LIV 751145101